| 000 | 00350nam a2200145Ia 4500 | ||
|---|---|---|---|
| 008 | 150201s1980 xx 000 0 und d | ||
| 082 |
_a618 _bG1980K |
||
| 100 | _aKHAN,RASHID LATIF | ||
| 245 | _aGYNACOLOGY | ||
| 250 | _a3RD | ||
| 260 |
_bC.B.S PUBLISHERS & DISTRIBUTERS _aDELHI _c1980 |
||
| 300 | _a1-387 | ||
| 650 | _aGYNAECOLOGY | ||
| 942 |
_2ddc _cBK |
||
| 999 |
_c4009 _d4009 |
||